الخريطة المعرفية للمجتمع العالمى من المجتمع الصناعى الى مجتمع المعرفة / (Record no. 66196)
[ view plain ]
| 000 -الفاتح | |
|---|---|
| حقل البيانات ثابتة الطول | 01198nam a22003017a 4500 |
| 005 - وقت وتاريخ اخر تعامل مع التسجيلة | |
| رقم الضبط | 20240530110905.0 |
| 008 - عناصر البيانات ثابتة الطول - معلومات عامة | |
| حقل البيانات ثابتة الطول | 150419s2008 ua g b 000 0 ara d |
| 017 ## - رقم الايداع القانونى | |
| رقم الايداع القانونى | 2007/25577 |
| المصدر ( الهيئة المختصة) | مصر . دار الكتب |
| 020 ## - الرقم الدولى المعيارى للكتب | |
| الرقم الدولى المعيارى للكتاب | 9771442031 |
| 040 ## - مصدر الفهرسة | |
| وكالة الفهرسة الأصلية | EG-CaGPL |
| 082 04 - رقم تصنيف ديوى العشرى | |
| رقم الطبعة | 21 |
| رقم التصنيف | 303.4/ |
| رقم المادة | أ خ |
| 100 0# - المدخل الرئيسى - إسم شخصى | |
| الإسم الشخصى | السيد يسين |
| 245 12 - بيان العنوان | |
| العنوان | الخريطة المعرفية للمجتمع العالمى من المجتمع الصناعى الى مجتمع المعرفة / |
| بيان المسئوليه,etc | السيد يسين |
| 250 ## - بيان الطبعة | |
| بيان الطبعة | ط1. |
| 260 ## - PUBLICATION, DISTRIBUTION, ETC. (IMPRINT) | |
| تاريخ النشر أو التوزيع | 2008. |
| 300 ## - الوصف المادى | |
| التعداد | 299 ص ؛ |
| أبعاد الوعاء | 24 سم . |
| 504 ## - تبصرة ببليوجرافية | |
| تبصرة ببليوجرافية,الخ | يشتمل على ارجاعات ببليوجرافية |
| 650 07 - المدخل الاضافى بالموضوع-مصطلح موضوعى | |
| مصطلح موضوعي | العولمة |
| مصدر الرأس أو المصطلح | qrmak |
| 650 07 - المدخل الاضافى بالموضوع-مصطلح موضوعى | |
| مصطلح موضوعي | الاحوال الثقافية |
| مصدر الرأس أو المصطلح | qrmak |
| 650 07 - المدخل الاضافى بالموضوع-مصطلح موضوعى | |
| مصطلح موضوعي | المعرفة |
| مصدر الرأس أو المصطلح | qrmak |
| 653 0# - مصطلح تكشيفى غير مقيد | |
| مصطلح غير مقيد | الازمة الثقافية |
| 653 0# - مصطلح تكشيفى غير مقيد | |
| مصطلح غير مقيد | المعرفة والعولمة |
| 653 0# - مصطلح تكشيفى غير مقيد | |
| مصطلح غير مقيد | الديموقراطية والعولمة |
| 653 0# - مصطلح تكشيفى غير مقيد | |
| مصطلح غير مقيد | الثقافة العالمية - تحديات |
| 653 0# - مصطلح تكشيفى غير مقيد | |
| مصطلح غير مقيد | الثورة المعلوماتية |
| 942 ## - عناصر المدخل الإضافي( كوها) | |
| مصدر التصنيف او مخطط الترفيف | Dewey Decimal Classification |
| Koha [default] item type | كتاب |
| 260 ## - PUBLICATION, DISTRIBUTION, ETC. (IMPRINT) | |
| -- | القاهرة : |
| -- | نهضة مصر للطباعة والنشر والتوزيع، |
| حالة التراجع | حالة الفقد | حالة تلف | ليس للاعارة | المكان المؤقت | الموقع الحالى | موقع الترفيف | تاريخ الاكتساب | اجمالي اﻻعارات | رقم الطلب | الباركود | تاريخ اخر مشاهدة | تاريخ تفعيل السعر | نوع وعاء كوها |
|---|---|---|---|---|---|---|---|---|---|---|---|---|---|
| مكتبة القاهرة الكبرى | مكتبة القاهرة الكبرى | ق الرئيسية_العلوم الاجتماعية_ك عربى | 02/21/2022 | 303.4/ أ خ | 167461 | 02/21/2022 | 02/21/2022 | كتاب |

